[Event "FICGS W-ch st2 g01 email"]
[Site "FICGS email"]
[Date "2008.01.17"]
[Round "1"]
[White "Bondarev, Sergey"]
[Black "Borisovs, Leonids"]
[Result "0-1"]
[WhiteElo "1904"]
[BlackElo "2134"]
[PlyCount "28"]
[EventDate "2008.??.??"]
[EventType "tourn (corr)"]
[EventRounds "8"]
[SourceTitle "Corr 2022"]
[Source "ChessBase"]
[SourceDate "2021.10.24"]
[SourceVersion "1"]
[SourceVersionDate "2021.10.24"]
[SourceQuality "1"]

1. e4 c5 2. Nf3 Nc6 3. c4 g6 4. d4 cxd4 5. Nxd4 Bg7 6. Be3 d6 7. Be2 Nf6 8. Nc3 0-0 9. 0-0 Nxd4 10. Bxd4 Bd7 11. Qd3 Bc6 12. b4 b6 13. f4 Re8 14. Rad1 Qc8 0-1

[Event "FICGS W-ch st2 g01 email"]
[Site "FICGS email"]
[Date "2008.01.17"]
[Round "1"]
[White "Mueller, Robert"]
[Black "Bondarev, Sergey"]
[Result "1-0"]
[WhiteElo "2258"]
[BlackElo "1904"]
[PlyCount "25"]
[EventDate "2008.??.??"]
[EventType "tourn (corr)"]
[EventRounds "8"]
[SourceTitle "Corr 2022"]
[Source "ChessBase"]
[SourceDate "2021.10.24"]
[SourceVersion "1"]
[SourceVersionDate "2021.10.24"]
[SourceQuality "1"]

1. e4 e5 2. Nf3 Nc6 3. Bb5 Nf6 4. 0-0 d6 5. d4 Bd7 6. Nc3 Be7 7. Bxc6 Bxc6 8. Qd3 exd4 9. Nxd4 Bd7 10. b3 0-0 11. Bb2 Re8 12. f4 c6 13. h3 1-0

[Event "FICGS W-ch st2 g01 email"]
[Site "FICGS email"]
[Date "2008.01.17"]
[Round "1"]
[White "Yunusov, Adkham"]
[Black "Bondarev, Sergey"]
[Result "1-0"]
[WhiteElo "2411"]
[BlackElo "1904"]
[PlyCount "21"]
[EventDate "2008.??.??"]
[EventType "tourn (corr)"]
[EventRounds "8"]
[SourceTitle "Corr 2022"]
[Source "ChessBase"]
[SourceDate "2021.10.24"]
[SourceVersion "1"]
[SourceVersionDate "2021.10.24"]
[SourceQuality "1"]

1. d4 f5 2. g3 Nf6 3. Bg2 e6 4. Nf3 d5 5. 0-0 Bd6 6. c4 c6 7. Bf4 Bxf4 8. gxf4 0-0 9. Nbd2 Nbd7 10. Ne5 Qe8 11. Rc1 1-0

[Event "FICGS W-ch st1 g09 email"]
[Site "FICGS email"]
[Date "2007.07.11"]
[Round "1"]
[White "Bondarev, Sergey"]
[Black "Kopasov, Evgeny Aleksandrovi"]
[Result "1/2-1/2"]
[WhiteElo "1700"]
[BlackElo "2226"]
[PlyCount "41"]
[EventDate "2007.??.??"]
[EventType "tourn (corr)"]
[EventRounds "8"]
[SourceTitle "Corr 2022"]
[Source "ChessBase"]
[SourceDate "2021.10.24"]
[SourceVersion "1"]
[SourceVersionDate "2021.10.24"]
[SourceQuality "1"]

1. e4 c5 2. c4 Nc6 3. g3 g6 4. Bg2 Bg7 5. Nc3 d6 6. Nge2 Nf6 7. d3 0-0 8. 0-0 Ne8 9. Be3 Nd4 10. Qd2 Nc7 11. Rae1 Rb8 12. Bh6 Bxh6 13. Qxh6 b5 14. b3 bxc4 15. dxc4 a5 16. Nxd4 cxd4 17. Nd5 a4 18. e5 Bf5 19. Be4 Nxd5 20. cxd5 Qd7 21. exd6 1/2-1/2

[Event "FICGS W-ch st1 g09 email"]
[Site "FICGS email"]
[Date "2007.07.11"]
[Round "1"]
[White "Konig, Paul"]
[Black "Bondarev, Sergey"]
[Result "0-1"]
[WhiteElo "1857"]
[BlackElo "1700"]
[PlyCount "26"]
[EventDate "2007.??.??"]
[EventType "tourn (corr)"]
[EventRounds "8"]
[SourceTitle "Corr 2022"]
[Source "ChessBase"]
[SourceDate "2021.10.24"]
[SourceVersion "1"]
[SourceVersionDate "2021.10.24"]
[SourceQuality "1"]

1. c4 f5 2. Nf3 Nf6 3. g3 e6 4. Bg2 d5 5. 0-0 Bd6 6. Nc3 0-0 7. d3 c6 8. b3 Nbd7 9. Bb2 Ne5 10. Nxe5 Bxe5 11. f4 Bd4+ 12. Kh1 Ng4 13. e4 Ne3 0-1

[Event "FICGS W-ch st1 g09 email"]
[Site "FICGS email"]
[Date "2007.07.11"]
[Round "1"]
[White "Neil, Charles"]
[Black "Bondarev, Sergey"]
[Result "0-1"]
[WhiteElo "1245"]
[BlackElo "1700"]
[PlyCount "54"]
[EventDate "2007.??.??"]
[EventType "tourn (corr)"]
[EventRounds "8"]
[SourceTitle "Corr 2022"]
[Source "ChessBase"]
[SourceDate "2021.10.24"]
[SourceVersion "1"]
[SourceVersionDate "2021.10.24"]
[SourceQuality "1"]

1. d4 f5 2. Bg5 Nf6 3. Bxf6 exf6 4. Nc3 d5 5. e3 Nc6 6. Bd3 Be6 7. Nf3 Bd6 8. Nb5 Be7 9. Nc3 Qd7 10. Qe2 Nd8 11. a3 Nf7 12. Nh4 0-0-0 13. g3 Kb8 14. f4 Nd6 15. Nf3 Ne4 16. 0-0-0 Bxa3 17. Nb5 Bb4 18. c3 Be7 19. Na3 Bxa3 20. bxa3 Nxc3 21. Qb2 Nxd1 22. Rxd1 Qe7 23. Ba6 Bc8 24. Rd2 Rd6 25. Bd3 Qxe3 26. Be2 Re8 27. Bb5 Rb6 0-1